Staff papers - International Monetary Fund
Αποθηκεύτηκε σε:
| Συγγραφή απο Οργανισμό/Αρχή: | |
|---|---|
| Μορφή: | Περιοδική έκδοση |
| Γλώσσα: | English |
| Δημοσίευση: |
Washington :
International Monetaty Fund,
1950-1998
|
| Θέματα: | |
| Ετικέτες: |
Προσθήκη ετικέτας
Δεν υπάρχουν, Καταχωρήστε ετικέτα πρώτοι!
|
MARC
| LEADER | 00000cas a2200000 i 4500 | ||
|---|---|---|---|
| 001 | 1/35133 | ||
| 008 | 040507c19501998us f eng | ||
| 022 | |a 0020-8027 | ||
| 035 | |l 10024248 | ||
| 040 | |a GR-MyUa |b fre |e AACR2 | ||
| 041 | 0 | |a eng | |
| 082 | 7 | |a 332.082 |2 (22) | |
| 110 | 2 | |a International Monetary Fund. | |
| 245 | 1 | 0 | |a Staff papers - International Monetary Fund |h [περιοδικό] |
| 260 | |a Washington : |b International Monetaty Fund, |c 1950-1998 | ||
| 300 | |a τ. : |b διαγ., πίν. ; |c 23 εκ. | ||
| 310 | |a Τετραμηνιαίο, 1950-1977 ; Τριμηνιαίο, 1978-1998 | ||
| 500 | |a Η συνδρομή είναι διαθέσιμη σε ηλεκτρονική μορφή από το παγκόσμιο πλέγμα πληροφοριών | ||
| 500 | |a Το κείμενο είναι στα αγγλικά με περιλήψεις σε αγγλικά, γαλλικά και ισπανικά | ||
| 650 | 0 | |a Foreign exchange |x Periodicals. | |
| 650 | 0 | |a Commerce |x Periodicals. | |
| 650 | 0 | |a Currency question |x Periodicals. | |
| 853 | |a INST |b CHIOS |c SER |h 332.082 | ||
| 901 | |a BIBL2-2004-2 | ||
| 922 | |a 2ΕΛΗ |b 1993303 |c ΚΕΝΤΡΙΚΗ ΒΙΒΛΙΟΘΗΚΗ |d SWETS | ||
| 970 | |a ΣΑΛΑΜΟΥΡΑ |b ΜΑΡΙΑ |z 2004/05/07 | ||